|
|
|
|
| LEADER |
00000nam0a2200000 4500 |
| 001 |
279858 |
| 005 |
20231101235241.0 |
| 020 |
|
|
|a RU
|b 86-45197
|
| 035 |
|
|
|a (RuTPU)RU\TPU\book\303163
|
| 090 |
|
|
|a 279858
|
| 100 |
|
|
|a 20141224d1986 k y0rusy5003 ca
|
| 101 |
0 |
|
|a rus
|
| 102 |
|
|
|a UZ
|
| 105 |
|
|
|a a z 001zy
|
| 200 |
1 |
|
|a Условия формирования и закономерности размещения ловушек нефти и газа в юрских отложениях Юго-Западного Узбекистана
|f А. Х. Нугманов
|g Институт геологии и разведки нефтяных и газовых месторождений
|
| 210 |
|
|
|a Ташкент
|c Фан
|d 1986
|
| 215 |
|
|
|a 205 с.
|c ил.
|
| 320 |
|
|
|a Библиогр.: с. 193-204.
|
| 606 |
1 |
|
|a Нефтяные ловушки
|2 stltpush
|3 (RuTPU)RU\TPU\subj\45948
|9 65137
|
| 610 |
1 |
|
|a Узбекистан
|
| 610 |
1 |
|
|a юрские отложения
|
| 610 |
1 |
|
|a нефтегазоносность
|
| 610 |
1 |
|
|a домеловые осадки
|
| 610 |
1 |
|
|a накопление
|
| 610 |
1 |
|
|a толщи
|
| 610 |
1 |
|
|a углеводороды
|
| 610 |
1 |
|
|a миграция
|
| 610 |
1 |
|
|a запасы
|
| 610 |
1 |
|
|a оценки
|
| 610 |
1 |
|
|a поисково-разведочные работы
|
| 675 |
|
|
|a 553.982.2
|v 3
|
| 700 |
|
1 |
|a Нугманов
|b А. Х.
|g Асхат Хабибуллович
|
| 712 |
0 |
2 |
|a Институт геологии и разведки нефтяных и газовых месторождений
|2 stltpush
|3 (RuTPU)RU\TPU\col\7782
|9 24383
|
| 801 |
|
0 |
|a RU
|b RuMRKP
|c 19950704
|g psbo
|
| 801 |
|
1 |
|a RU
|b 63413507
|c 20141224
|
| 801 |
|
2 |
|a RU
|b 63413507
|c 20160125
|g RCR
|
| 942 |
|
|
|c BK
|